000 00543nam a2200193 b 4500
003 OSt
005 20151202100215.0
008 061024s2006 sp | ||| ||spa
020 _a84-413-2165-5
040 _cBMC
082 _a863
100 1 _aSender, Ramón J.
_d1901-1982
_929336
245 1 3 _aLa aventura equinoccial de Lope de Aguirre
_cRamón J. Sender
260 _aBarcelona
_bFolio
_c2006
300 _a334 p.
_c21 cm
490 _aLa historia de España novela a novela
_v9
650 2 4 _929289
_aNovela española
942 _2ddc
_cBK
999 _c23804
_d23804